000 00255nam a22000977a 4500
999 _c11753
_d11753
008 200114b ||||| |||| 00| 0 eng d
020 _a9780440843634
100 _aTurkle Brinton
_97440
245 _aDeep in the Forest
260 _aNew York
_bTrumpet Club
_c1976